000 00459nam a22001697a 4500
999 _c3955
_d3955
003 GBCCL
005 20241126110507.0
008 171219b xxu||||| |||| 00| 0 eng d
040 _cgbc
082 _a248
_bCHI
100 _aChinkhenthang, H.
_97716
245 _aThe World of Pseudo-Christians:
_bSans the likeness of Jesus /
_cH. Chinkhenthang
250 _a2nd Ed.
260 _aShillong:
_bAuthor,
_c2011
300 _a154 p.;
_c21 cm.
942 _2ddc
_cBK
_01